Modern geographical concepts : Prof. M. R. Chaudhuri felicitation volume (Record no. 4305)

MARC details
000 -LEADER
fixed length control field 00367nam a2200109 4500
082 ## - DEWEY DECIMAL CLASSIFICATION NUMBER
Classification number 910.01
Item number NAG
245 ## - TITLE STATEMENT
Title Modern geographical concepts : Prof. M. R. Chaudhuri felicitation volume
Statement of responsibility, etc. edited by Nageshwar Prasad and G. K. Datta
260 ## - PUBLICATION, DISTRIBUTION, ETC.
Place of publication, distribution, etc. Burdwan
Name of publisher, distributor, etc. University of Burdwan
Date of publication, distribution, etc. 1985
300 ## - PHYSICAL DESCRIPTION
Extent x, 265p.: ill.; 25cm.
710 ## - ADDED ENTRY--CORPORATE NAME
Corporate name or jurisdiction name as entry element Nageshwar Prasad
710 ## - ADDED ENTRY--CORPORATE NAME
Corporate name or jurisdiction name as entry element Datta, G. K.
Holdings
Withdrawn status Lost status Damaged status Not for loan Collection code Home library Current library Date acquired Total Checkouts Full call number Barcode Date last seen Price effective from Koha item type Copy number
        GEOGRAPHY & YAMUNACHARYA North Eastern Hill University North Eastern Hill University 24/11/2011   910.01 NAG B4542 24/11/2011 24/11/2011 Books  
        GEOGRAPHY & YAMUNACHARYA North Eastern Hill University North Eastern Hill University 24/11/2011   910.01 NAG B4541 24/11/2011 24/11/2011 Books ;1